000 00320nam a22001337a 4500
020 _a81-7245-123-7
082 _a001
_bCHA/F
100 _aCHANDRA, REKHA
245 _a500 AMAZING QUESTIONS AND ANSWERS
260 _aDELHI
_bGOODWILL PUBLISHING HOUSE
300 _a192
650 _aGENERAL KNOWLEDGE
_zINDIA
942 _cBK
999 _c6291
_d6291